[Event "Greek Team Championship"]
[Site "chess24.com"]
[Date "2017.07.07"]
[Round "6"]
[White "Ballas, Athanasios-panagiotis"]
[Black "Nasos, Konstantinos"]
[Result "1-0"]
[Board "8"]
[WhiteElo "2015"]
[WhiteCountry "GRE"]
[WhiteFideId "4224078"]
[WhiteEloChange "2"]
[BlackElo "1611"]
[BlackCountry "GRE"]
[BlackFideId "25838938"]
[BlackEloChange "-2"]

1. e4 {[%clk 1:28:30]} e6 {[%clk 1:30:54]} 2. d3 {[%clk 1:27:43]} c5 {[%clk
1:31:18]} 3. Nf3 {[%clk 1:27:43]} Nc6 {[%clk 1:31:18]} 4. g3 {[%clk 1:28:12]} e5
{[%clk 1:30:44]} 5. Bg2 {[%clk 1:27:54]} g6 {[%clk 1:31:09]} 6. O-O {[%clk
1:27:53]} Bg7 {[%clk 1:31:35]} 7. Nbd2 {[%clk 1:27:52]} Nge7 {[%clk 1:31:44]} 8.
Nc4 {[%clk 1:13:04]} d6 {[%clk 1:31:18]} 9. a4 {[%clk 1:12:25]} O-O {[%clk
1:27:37]} 10. Nfd2 {[%clk 1:05:45]} Be6 {[%clk 1:07:08]} 11. f4 {[%clk 0:54:50]}
Qd7 {[%clk 1:02:28]} 12. fxe5 {[%clk 0:41:29]} dxe5 {[%clk 0:56:44]} 13. Kh1
{[%clk 0:31:16]} Rad8 {[%clk 0:47:44]} 14. b3 {[%clk 0:31:14]} Bg4 {[%clk
0:42:04]} 15. Bf3 {[%clk 0:28:19]} Bh3 {[%clk 0:41:40]} 16. Re1 {[%clk 0:27:39]}
Nd4 {[%clk 0:39:56]} 17. Bb2 {[%clk 0:25:40]} Nec6 {[%clk 0:35:55]} 18. Ne3
{[%clk 0:23:26]} Nxf3 {[%clk 0:33:46]} 19. Nxf3 {[%clk 0:22:11]} h6 {[%clk
0:32:48]} 20. Ng1 {[%clk 0:10:36]} Be6 {[%clk 0:31:34]} 21. Qe2 {[%clk 0:07:26]}
b6 {[%clk 0:25:21]} 22. Rad1 {[%clk 0:02:09]} Nd4 {[%clk 0:24:18]} 23. Qg2 {[%clk
0:02:09]} Kh7 {[%clk 0:22:09]} 24. Rf1 {[%clk 0:00:42]} a6 {[%clk 0:19:12]} 25.
h3 {[%clk 0:00:51]} b5 {[%clk 0:19:24]} 26. axb5 {[%clk 0:01:06]} axb5 {[%clk
0:19:44]} 27. Kh2 {[%clk 0:01:24]} Ra8 {[%clk 0:19:00]} 28. Ra1 {[%clk 0:01:37]}
Rfd8 {[%clk 0:17:38]} 29. g4 {[%clk 0:00:57]} Qe7 {[%clk 0:16:11]} 30. Nf3 {[%clk
0:00:51]} f6 {[%clk 0:11:53]} 31. h4 {[%clk 0:00:35]} Bf7 {[%clk 0:09:57]} 32.
Rg1 {[%clk 0:00:36]} Nxf3+ {[%clk 0:06:29]} 33. Qxf3 {[%clk 0:01:04]} f5 {[%clk
0:06:06]} 34. exf5 {[%clk 0:00:43]} Qxh4+ {[%clk 0:06:34]} 35. Kg2 {[%clk
0:00:33]} e4 {[%clk 0:06:38]} 36. Qxe4 {[%clk 0:00:39]} Bxb2 {[%clk 0:06:47]} 37.
Rxa8 {[%clk 0:01:04]} Rxa8 {[%clk 0:06:47]} 38. Qxa8 {[%clk 0:01:04]} Bd4 {[%clk
0:05:11]} 39. Qb7 {[%clk 0:01:02]} Kh8 {[%clk 0:02:08]} 40. Qxf7 {[%clk 0:31:15]}
Bxe3 {[%clk 0:32:08]} 41. Qe8+ {[%clk 0:31:35]} 1-0

[Event "Greek Team Championship"]
[Site "chess24.com"]
[Date "2017.07.07"]
[Round "6"]
[White "Blitsas, Orestis"]
[Black "Vlachos, Anatole"]
[Result "0-1"]
[Board "9"]
[WhiteElo "1635"]
[WhiteCountry "GRE"]
[WhiteFideId "25807919"]
[WhiteEloChange "-2"]
[BlackElo "2075"]
[BlackCountry "GRE"]
[BlackFideId "26093189"]
[BlackEloChange "2"]

1. e4 {[%clk 1:30:56]} c5 {[%clk 1:28:29]} 2. c4 {[%clk 1:31:18]} Nc6 {[%clk
1:28:51]} 3. Ne2 {[%clk 1:31:26]} g6 {[%clk 1:29:00]} 4. Nbc3 {[%clk 1:31:51]}
Bg7 {[%clk 1:29:26]} 5. d3 {[%clk 1:31:52]} d6 {[%clk 1:29:48]} 6. h3 {[%clk
1:29:58]} a6 {[%clk 1:29:21]} 7. g3 {[%clk 1:30:14]} b5 {[%clk 1:27:52]} 8. Bg2
{[%clk 1:28:32]} b4 {[%clk 1:21:54]} 9. Nd5 {[%clk 1:26:27]} e6 {[%clk 1:22:00]}
10. Ne3 {[%clk 1:26:09]} Nge7 {[%clk 1:22:04]} 11. O-O {[%clk 1:26:02]} O-O
{[%clk 1:21:46]} 12. f4 {[%clk 1:26:12]} f5 {[%clk 1:20:55]} 13. g4 {[%clk
1:13:15]} Ra7 {[%clk 1:20:30]} 14. Ng3 {[%clk 1:02:20]} Nd4 {[%clk 1:19:03]} 15.
Nc2 {[%clk 0:55:06]} Nxc2 {[%clk 1:17:15]} 16. Qxc2 {[%clk 0:55:18]} Bd4+ {[%clk
1:13:59]} 17. Kh1 {[%clk 0:55:07]} fxg4 {[%clk 1:13:23]} 18. hxg4 {[%clk
0:55:08]} Nf5 {[%clk 1:07:24]} 19. gxf5 {[%clk 0:54:37]} Qh4+ {[%clk 1:07:41]}
20. Bh3 {[%clk 0:54:51]} Qxg3 {[%clk 1:04:49]} 21. Qg2 {[%clk 0:54:20]} Qxg2+
{[%clk 1:05:13]} 22. Kxg2 {[%clk 0:52:31]} exf5 {[%clk 1:05:29]} 23. Rb1 {[%clk
0:46:54]} Re7 {[%clk 1:05:24]} 24. Re1 {[%clk 0:45:54]} Bb7 {[%clk 1:05:39]} 25.
Kg3 {[%clk 0:30:13]} fxe4 {[%clk 1:04:41]} 26. dxe4 {[%clk 0:30:15]} Bxe4 {[%clk
1:03:09]} 27. Bg2 {[%clk 0:29:38]} Rfe8 {[%clk 1:03:23]} 28. Bxe4 {[%clk
0:29:55]} Rxe4 {[%clk 1:03:23]} 0-1

[Event "Greek Team Championship"]
[Site "chess24.com"]
[Date "2017.07.07"]
[Round "6"]
[White "Kazakos, Markos"]
[Black "Nasos, Valerios"]
[Result "1-0"]
[Board "10"]
[WhiteElo "1808"]
[WhiteCountry "GRE"]
[WhiteFideId "25811363"]
[WhiteEloChange "2"]
[BlackElo "1433"]
[BlackCountry "GRE"]
[BlackFideId "25838253"]
[BlackEloChange "-2"]

1. g3 {[%clk 1:30:30]} c5 {[%clk 1:30:30]} 2. Bg2 {[%clk 1:30:30]} Nc6 {[%clk
1:30:30]} 3. d3 {[%clk 1:30:30]} g6 {[%clk 1:30:30]} 4. e4 {[%clk 1:30:30]} Bg7
{[%clk 1:30:30]} 5. Ne2 {[%clk 1:30:30]} d6 {[%clk 1:30:30]} 6. c4 {[%clk
1:30:30]} Nf6 {[%clk 1:30:30]} 7. Nbc3 {[%clk 1:30:30]} Nd7 {[%clk 1:30:30]} 8.
Rb1 {[%clk 1:30:30]} Nf8 {[%clk 1:30:30]} 9. a3 {[%clk 1:30:30]} Ne6 {[%clk
1:30:30]} 10. b4 {[%clk 1:30:30]} O-O {[%clk 1:30:30]} 11. O-O {[%clk 1:30:30]}
Ncd4 {[%clk 1:30:30]} 12. Bb2 {[%clk 1:30:30]} Rb8 {[%clk 1:30:30]} 13. Nxd4
{[%clk 1:30:30]} Nxd4 {[%clk 1:30:30]} 14. Ne2 {[%clk 1:30:30]} b6 {[%clk
1:30:30]} 15. Bxd4 {[%clk 1:30:30]} cxd4 {[%clk 1:30:30]} 16. Qd2 {[%clk
1:30:30]} e5 {[%clk 1:30:30]} 17. b5 {[%clk 1:30:30]} f5 {[%clk 1:30:30]} 18. a4
{[%clk 1:30:30]} Bb7 {[%clk 1:30:30]} 19. f3 {[%clk 1:30:30]} Bf6 {[%clk
1:30:30]} 20. a5 {[%clk 1:30:30]} Bg5 {[%clk 1:30:30]} 21. f4 {[%clk 1:30:30]}
Bh6 {[%clk 1:30:30]} 22. Ra1 {[%clk 1:30:30]} fxe4 {[%clk 1:30:30]} 23. dxe4
{[%clk 1:30:30]} Qc7 {[%clk 1:30:30]} 24. axb6 {[%clk 1:30:30]} axb6 {[%clk
1:30:30]} 25. Qd3 {[%clk 1:30:30]} Ra8 {[%clk 1:30:30]} 26. Bh3 {[%clk 1:30:30]}
Rxa1 {[%clk 1:30:30]} 27. Rxa1 {[%clk 1:30:30]} Ba8 {[%clk 1:30:30]} 28. Be6+
{[%clk 1:30:30]} Kh8 {[%clk 1:30:30]} 29. Bd5 {[%clk 1:30:30]} Bxd5 {[%clk
1:30:30]} 30. cxd5 {[%clk 1:30:30]} Rc8 {[%clk 1:30:30]} 31. Rc1 {[%clk 1:30:30]}
Qd7 {[%clk 1:30:30]} 32. Rc6 {[%clk 1:30:30]} Rb8 {[%clk 1:30:30]} 33. Kg2 {[%clk
1:30:30]} Bf8 {[%clk 1:30:30]} 34. h3 {[%clk 1:30:30]} Qa7 {[%clk 1:30:30]} 35.
Ng1 {[%clk 1:30:30]} Qa2+ {[%clk 1:30:30]} 36. Rc2 {[%clk 1:30:30]} Qb1 {[%clk
1:30:30]} 37. Nf3 {[%clk 1:30:30]} Rc8 {[%clk 1:30:30]} 38. Nxd4 {[%clk 1:30:30]}
Rxc2+ {[%clk 1:30:30]} 39. Qxc2 {[%clk 1:30:30]} Qb4 {[%clk 1:30:30]} 40. Ne6
{[%clk 1:30:30]} Kg8 {[%clk 1:30:30]} 41. Qd3 {[%clk 1:30:30]} Qb2+ {[%clk
1:30:30]} 42. Kf3 {[%clk 1:30:30]} exf4 {[%clk 1:30:30]} 43. Nxf4 {[%clk
1:30:30]} Qc1 {[%clk 1:30:30]} 44. Kg2 {[%clk 1:30:30]} Bg7 {[%clk 1:30:30]} 45.
h4 {[%clk 1:30:30]} h6 {[%clk 1:30:30]} 46. Nxg6 {[%clk 1:30:30]} Qb2+ {[%clk
1:30:30]} 47. Kh3 {[%clk 1:30:30]} Qf2 {[%clk 1:30:30]} 48. Nf4 {[%clk 1:30:30]}
Be5 {[%clk 1:30:30]} 49. Qe2 {[%clk 1:30:30]} Qg1 {[%clk 1:30:30]} 50. Qg4+
{[%clk 1:30:30]} Kh8 {[%clk 1:30:30]} 51. Qc8+ {[%clk 1:30:30]} Kg7 {[%clk
1:30:30]} 52. Qd7+ {[%clk 1:30:30]} Kg8 {[%clk 1:30:30]} 53. Qe8+ {[%clk
1:30:30]} Kg7 {[%clk 1:30:30]} 54. Qg6+ {[%clk 1:30:30]} Kf8 {[%clk 1:30:30]} 55.
Ne6+ {[%clk 1:30:30]} Ke7 {[%clk 1:30:30]} 56. Qh7+ {[%clk 1:30:30]} 1-0

[Event "Greek Team Championship"]
[Site "chess24.com"]
[Date "2017.07.07"]
[Round "6"]
[White "Maier, Christian"]
[Black "Schuetze, Norman"]
[Result "1/2-1/2"]
[Board "2"]
[WhiteElo "2388"]
[WhiteTitle "IM"]
[WhiteCountry "GER"]
[WhiteFideId "4601955"]
[WhiteEloChange "-3"]
[BlackElo "2278"]
[BlackCountry "GER"]
[BlackFideId "4659406"]
[BlackEloChange "3"]

1. Nf3 {[%clk 1:30:32]} Nf6 {[%clk 1:30:51]} 2. b3 {[%clk 1:30:23]} g6 {[%clk
1:29:56]} 3. Bb2 {[%clk 1:30:03]} Bg7 {[%clk 1:30:18]} 4. e3 {[%clk 1:28:29]} O-O
{[%clk 1:29:37]} 5. Be2 {[%clk 1:27:04]} c5 {[%clk 1:28:51]} 6. c4 {[%clk
1:26:46]} Nc6 {[%clk 1:28:03]} 7. O-O {[%clk 1:26:50]} d5 {[%clk 1:26:36]} 8.
cxd5 {[%clk 1:27:00]} Qxd5 {[%clk 1:26:45]} 9. Nc3 {[%clk 1:22:21]} Qd8 {[%clk
1:23:14]} 10. Na4 {[%clk 1:21:45]} b6 {[%clk 1:22:37]} 11. d4 {[%clk 1:05:51]}
cxd4 {[%clk 1:21:44]} 12. Nxd4 {[%clk 1:02:39]} Nxd4 {[%clk 1:21:39]} 13. Bxd4
{[%clk 0:59:50]} Bb7 {[%clk 1:21:04]} 14. Rc1 {[%clk 0:59:37]} Rc8 {[%clk
1:17:39]} 15. Rxc8 {[%clk 0:58:02]} Qxc8 {[%clk 1:17:21]} 16. Qa1 {[%clk
0:58:19]} Qa8 {[%clk 1:17:11]} 17. f3 {[%clk 0:58:31]} Rd8 {[%clk 1:14:14]} 18.
Rd1 {[%clk 0:56:36]} Qc8 {[%clk 1:10:05]} 19. Qb2 {[%clk 0:56:12]} Qe6 {[%clk
1:04:16]} 20. e4 {[%clk 0:49:08]} Nh5 {[%clk 0:58:44]} 21. Bxg7 {[%clk 0:49:30]}
Rxd1+ {[%clk 0:59:08]} 22. Bxd1 {[%clk 0:49:57]} Nxg7 {[%clk 0:59:32]} 23. Qd4
{[%clk 0:49:53]} Qc8 {[%clk 0:59:02]} 24. Nc3 {[%clk 0:48:43]} Ne6 {[%clk
0:58:56]} 25. Qe3 {[%clk 0:48:37]} Qc7 {[%clk 0:58:26]} 26. Be2 {[%clk 0:48:20]}
Nf4 {[%clk 0:46:37]} 27. Bc4 {[%clk 0:46:55]} Qe5 {[%clk 0:45:29]} 28. g3 {[%clk
0:46:20]} Ne6 {[%clk 0:45:25]} 29. f4 {[%clk 0:44:38]} Qd6 {[%clk 0:43:52]} 30.
Kf2 {[%clk 0:41:38]} Nc5 {[%clk 0:42:36]} 31. e5 {[%clk 0:26:38]} Qd7 {[%clk
0:37:29]} 32. b4 {[%clk 0:25:48]} Ne6 {[%clk 0:37:25]} 33. Qd3 {[%clk 0:25:24]}
Qc8 {[%clk 0:23:38]} 34. Ke3 {[%clk 0:23:42]} Nf8 {[%clk 0:08:43]} 35. Kd2 {[%clk
0:19:13]} h5 {[%clk 0:06:55]} 36. h4 {[%clk 0:15:51]} Kg7 {[%clk 0:03:19]} 37.
Nd5 {[%clk 0:09:52]} Bxd5 {[%clk 0:02:30]} 38. Qxd5 {[%clk 0:10:15]} Ne6 {[%clk
0:01:25]} 39. Bb3 {[%clk 0:08:52]} Nd8 {[%clk 0:01:12]} 40. e6 {[%clk 0:35:25]}
fxe6 {[%clk 0:30:36]} 41. Qe5+ {[%clk 0:35:41]} Kh7 {[%clk 0:28:18]} 42. Bc2
{[%clk 0:35:30]} Qd7+ {[%clk 0:28:00]} 43. Bd3 {[%clk 0:35:38]} Qd5 {[%clk
0:28:02]} 44. Qc7 {[%clk 0:31:44]} Qd6 {[%clk 0:27:26]} 45. Qc4 {[%clk 0:30:22]}
Nc6 {[%clk 0:24:32]} 46. a3 {[%clk 0:30:39]} Nd4 {[%clk 0:22:53]} 47. Kc3 {[%clk
0:29:37]} Nf5 {[%clk 0:21:52]} 48. Bxf5 {[%clk 0:27:51]} gxf5 {[%clk 0:21:30]}
49. Qd4 {[%clk 0:27:09]} Qc6+ {[%clk 0:20:41]} 50. Kb3 {[%clk 0:21:34]} Qf3+
{[%clk 0:18:21]} 51. Qc3 {[%clk 0:21:59]} Qd1+ {[%clk 0:15:36]} 52. Kb2 {[%clk
0:22:13]} Qd6 {[%clk 0:14:29]} 53. Kb3 {[%clk 0:21:54]} Kg8 {[%clk 0:12:25]} 54.
Qc8+ {[%clk 0:20:23]} Kf7 {[%clk 0:11:55]} 55. Qc3 {[%clk 0:19:19]} 1/2-1/2

[Event "Greek Team Championship"]
[Site "chess24.com"]
[Date "2017.07.07"]
[Round "6"]
[White "Milonakis, Georgios"]
[Black "Skembris, Spyridon"]
[Result "1/2-1/2"]
[Board "3"]
[WhiteElo "2196"]
[WhiteCountry "GRE"]
[WhiteFideId "4206320"]
[WhiteEloChange "5"]
[BlackElo "2386"]
[BlackTitle "GM"]
[BlackCountry "GRE"]
[BlackFideId "4200020"]
[BlackEloChange "-5"]

1. Nf3 {[%clk 1:30:45]} c5 {[%clk 1:29:30]} 2. g3 {[%clk 1:30:55]} g6 {[%clk
1:29:51]} 3. Bg2 {[%clk 1:31:03]} Bg7 {[%clk 1:30:09]} 4. O-O {[%clk 1:30:11]}
Nc6 {[%clk 1:30:29]} 5. e4 {[%clk 1:26:50]} Nf6 {[%clk 1:29:34]} 6. Nc3 {[%clk
1:25:16]} O-O {[%clk 1:29:48]} 7. Re1 {[%clk 1:20:52]} d6 {[%clk 1:29:26]} 8. h3
{[%clk 1:20:07]} Ne8 {[%clk 1:28:35]} 9. d3 {[%clk 1:19:13]} Nc7 {[%clk 1:28:49]}
10. Ne2 {[%clk 1:10:29]} d5 {[%clk 1:24:40]} 11. c3 {[%clk 1:05:16]} e5 {[%clk
1:23:11]} 12. Kh2 {[%clk 0:53:49]} h6 {[%clk 1:18:24]} 13. Nh4 {[%clk 0:49:05]}
Be6 {[%clk 1:04:11]} 14. f4 {[%clk 0:45:23]} dxe4 {[%clk 0:58:22]} 15. dxe4
{[%clk 0:40:22]} Bc4 {[%clk 0:58:23]} 16. Qxd8 {[%clk 0:38:30]} Raxd8 {[%clk
0:56:58]} 17. Be3 {[%clk 0:37:01]} b6 {[%clk 0:56:58]} 18. f5 {[%clk 0:37:01]}
Kh7 {[%clk 0:55:21]} 19. g4 {[%clk 0:34:40]} Bf6 {[%clk 0:52:52]} 20. Nf3 {[%clk
0:34:19]} Nb5 {[%clk 0:48:15]} 21. Ng3 {[%clk 0:32:26]} Bd3 {[%clk 0:43:52]} 22.
Red1 {[%clk 0:26:35]} c4 {[%clk 0:33:52]} 23. Rd2 {[%clk 0:24:47]} Rd6 {[%clk
0:32:38]} 24. Rad1 {[%clk 0:22:19]} Rfd8 {[%clk 0:32:56]} 25. Bf1 {[%clk
0:17:46]} Bxf1 {[%clk 0:30:44]} 26. Nxf1 {[%clk 0:17:46]} Rxd2+ {[%clk 0:24:31]}
27. Rxd2 {[%clk 0:18:05]} Rxd2+ {[%clk 0:20:21]} 28. N1xd2 {[%clk 0:18:27]} Nd6
{[%clk 0:20:18]} 29. Kg3 {[%clk 0:16:36]} Bd8 {[%clk 0:20:22]} 30. Ne1 {[%clk
0:15:53]} Bg5 {[%clk 0:19:30]} 31. fxg6+ {[%clk 0:13:24]} Kxg6 {[%clk 0:17:10]}
32. Nc2 {[%clk 0:13:24]} b5 {[%clk 0:17:10]} 33. h4 {[%clk 0:13:11]} Bxe3 {[%clk
0:16:06]} 34. h5+ {[%clk 0:12:41]} Kg7 {[%clk 0:07:32]} 35. Nxe3 {[%clk 0:11:25]}
Ne7 {[%clk 0:06:00]} 36. Kf3 {[%clk 0:10:52]} f6 {[%clk 0:05:35]} 37. a4 {[%clk
0:07:56]} a6 {[%clk 0:05:48]} 38. axb5 {[%clk 0:07:32]} axb5 {[%clk 0:06:10]} 39.
Nf5+ {[%clk 0:06:42]} Nexf5 {[%clk 0:06:17]} 40. gxf5 {[%clk 0:36:02]} Nb7 {[%clk
0:31:39]} 41. b3 {[%clk 0:34:53]} b4 {[%clk 0:24:25]} 42. Nxc4 {[%clk 0:24:30]}
bxc3 {[%clk 0:24:46]} 43. Na3 {[%clk 0:23:46]} Na5 {[%clk 0:19:10]} 44. b4 {[%clk
0:24:07]} Nc4 {[%clk 0:18:57]} 45. Nc2 {[%clk 0:24:15]} Kf7 {[%clk 0:18:09]} 46.
Ke2 {[%clk 0:23:17]} Ke8 {[%clk 0:16:55]} 47. Kd3 {[%clk 0:21:26]} Nd6 {[%clk
0:17:20]} 48. Ne3 {[%clk 0:20:20]} Kd7 {[%clk 0:13:12]} 49. Ng4 {[%clk 0:16:10]}
1/2-1/2

[Event "Greek Team Championship"]
[Site "chess24.com"]
[Date "2017.07.07"]
[Round "6"]
[White "Skaraki, Antigoni"]
[Black "Iordanidou, Zoi"]
[Result "1-0"]
[Board "5"]
[WhiteElo "1947"]
[WhiteCountry "GRE"]
[WhiteFideId "4222970"]
[WhiteEloChange "13"]
[BlackElo "2069"]
[BlackCountry "GRE"]
[BlackFideId "4209192"]
[BlackEloChange "-13"]

1. e4 {[%clk 1:30:58]} d5 {[%clk 1:30:57]} 2. exd5 {[%clk 1:31:25]} Qxd5 {[%clk
1:31:24]} 3. Nc3 {[%clk 1:31:50]} Qa5 {[%clk 1:31:51]} 4. d4 {[%clk 1:32:11]} Nf6
{[%clk 1:32:08]} 5. Nf3 {[%clk 1:32:30]} c6 {[%clk 1:32:29]} 6. Bd2 {[%clk
1:32:09]} Qc7 {[%clk 1:32:23]} 7. Bc4 {[%clk 1:22:39]} Bf5 {[%clk 1:28:41]} 8.
Nh4 {[%clk 1:15:51]} Bg6 {[%clk 1:26:57]} 9. Nxg6 {[%clk 1:14:39]} hxg6 {[%clk
1:27:13]} 10. Qe2 {[%clk 1:11:44]} a6 {[%clk 1:00:57]} 11. O-O-O {[%clk 1:02:20]}
e6 {[%clk 0:48:11]} 12. Bxe6 {[%clk 0:46:34]} fxe6 {[%clk 0:48:23]} 13. Qxe6+
{[%clk 0:47:00]} Be7 {[%clk 0:47:52]} 14. Rhe1 {[%clk 0:46:34]} Qd7 {[%clk
0:46:16]} 15. Qb3 {[%clk 0:42:20]} Qc7 {[%clk 0:37:28]} 16. Ne4 {[%clk 0:33:53]}
Nbd7 {[%clk 0:10:45]} 17. Ng5 {[%clk 0:26:47]} Nd5 {[%clk 0:08:19]} 18. c4 {[%clk
0:21:16]} N5f6 {[%clk 0:07:25]} 19. Rxe7+ {[%clk 0:14:52]} 1-0

[Event "Greek Team Championship"]
[Site "chess24.com"]
[Date "2017.07.07"]
[Round "6"]
[White "Kokkota, Fotini"]
[Black "Stratigi, Evangelia"]
[Result "1/2-1/2"]
[Board "6"]
[WhiteElo "1612"]
[WhiteCountry "GRE"]
[WhiteFideId "4258878"]
[WhiteEloChange "-1"]
[BlackElo "1593"]
[BlackCountry "GRE"]
[BlackFideId "4248961"]
[BlackEloChange "1"]

1. e4 {[%clk 1:30:57]} e5 {[%clk 1:30:51]} 2. Nf3 {[%clk 1:31:21]} Nf6 {[%clk
1:30:57]} 3. d4 {[%clk 1:31:30]} Nxe4 {[%clk 1:30:53]} 4. Bd3 {[%clk 1:31:48]} d5
{[%clk 1:30:51]} 5. Nxe5 {[%clk 1:32:04]} Nd7 {[%clk 1:30:46]} 6. Nxd7 {[%clk
1:32:07]} Bxd7 {[%clk 1:30:43]} 7. O-O {[%clk 1:32:04]} Be7 {[%clk 1:29:07]} 8.
Nd2 {[%clk 1:31:08]} Nf6 {[%clk 1:26:58]} 9. h3 {[%clk 1:24:21]} O-O {[%clk
1:27:09]} 10. c4 {[%clk 1:22:39]} dxc4 {[%clk 1:22:54]} 11. Nxc4 {[%clk 1:23:00]}
Be6 {[%clk 1:17:03]} 12. Be3 {[%clk 1:17:17]} Nd5 {[%clk 1:12:16]} 13. Rc1 {[%clk
1:12:34]} f5 {[%clk 1:07:06]} 14. Bd2 {[%clk 1:03:59]} Nb4 {[%clk 0:57:50]} 15.
Bxb4 {[%clk 0:59:46]} Bxb4 {[%clk 0:58:09]} 16. a3 {[%clk 1:00:11]} Be7 {[%clk
0:57:01]} 17. Re1 {[%clk 0:59:52]} Rf6 {[%clk 0:56:06]} 18. Qc2 {[%clk 0:47:02]}
Qxd4 {[%clk 0:51:14]} 19. Ne3 {[%clk 0:41:37]} Raf8 {[%clk 0:45:31]} 20. Nxf5
{[%clk 0:40:02]} Bxf5 {[%clk 0:45:07]} 21. Qc4+ {[%clk 0:40:24]} Qxc4 {[%clk
0:41:11]} 22. Bxc4+ {[%clk 0:40:49]} Kh8 {[%clk 0:39:27]} 23. Rxe7 {[%clk
0:41:01]} Rc6 {[%clk 0:32:43]} 24. Rc3 {[%clk 0:38:40]} a6 {[%clk 0:26:20]} 25.
Rf3 {[%clk 0:37:05]} Rxc4 {[%clk 0:26:30]} 26. Rxf5 {[%clk 0:37:32]} Kg8 {[%clk
0:26:32]} 27. Rxf8+ {[%clk 0:34:17]} Kxf8 {[%clk 0:26:54]} 28. Re2 {[%clk
0:33:36]} Kf7 {[%clk 0:26:51]} 29. g3 {[%clk 0:33:15]} b5 {[%clk 0:23:10]} 30. f4
{[%clk 0:30:02]} a5 {[%clk 0:22:07]} 31. Kf2 {[%clk 0:30:14]} c5 {[%clk 0:17:33]}
32. Kf3 {[%clk 0:28:28]} a4 {[%clk 0:14:19]} 33. Re3 {[%clk 0:25:13]} b4 {[%clk
0:10:00]} 34. Re4 {[%clk 0:21:07]} bxa3 {[%clk 0:08:42]} 35. bxa3 {[%clk
0:21:27]} Rc3+ {[%clk 0:08:59]} 36. Re3 {[%clk 0:19:16]} Rb3 {[%clk 0:08:07]} 37.
Ke2 {[%clk 0:19:36]} c4 {[%clk 0:08:16]} 38. Kd2 {[%clk 0:19:46]} Kf6 {[%clk
0:08:14]} 39. g4 {[%clk 0:19:16]} g6 {[%clk 0:08:22]} 40. Rc3 {[%clk 0:47:38]}
Ke6 {[%clk 0:35:12]} 41. Rxc4 {[%clk 0:40:46]} Rxa3 {[%clk 0:35:09]} 42. Rd4
{[%clk 0:40:36]} Rxh3 {[%clk 0:32:56]} 43. Rxa4 {[%clk 0:40:59]} Rg3 {[%clk
0:32:35]} 44. g5 {[%clk 0:38:10]} Kf5 {[%clk 0:32:02]} 45. Ke2 {[%clk 0:36:44]}
Rh3 {[%clk 0:31:33]} 46. Rd4 {[%clk 0:35:30]} Kg4 {[%clk 0:28:12]} 47. Rc4 {[%clk
0:35:24]} Rb3 {[%clk 0:27:17]} 48. Re4 {[%clk 0:34:28]} Rc3 {[%clk 0:24:24]} 49.
Rd4 {[%clk 0:33:43]} Kg3 {[%clk 0:21:39]} 50. Re4 {[%clk 0:29:17]} Kg4 {[%clk
0:21:12]} 51. Rd4 {[%clk 0:28:06]} Ra3 {[%clk 0:19:53]} 52. Re4 {[%clk 0:25:28]}
Rg3 {[%clk 0:18:48]} 53. Rd4 {[%clk 0:25:14]} Rb3 {[%clk 0:17:08]} 54. Re4 {[%clk
0:25:15]} Ra3 {[%clk 0:15:01]} 1/2-1/2

[Event "Greek Team Championship"]
[Site "chess24.com"]
[Date "2017.07.07"]
[Round "6"]
[White "Daskalaki, Sofia"]
[Black "Anthopoulou, Ioanna"]
[Result "1/2-1/2"]
[Board "7"]
[WhiteElo "1568"]
[WhiteCountry "GRE"]
[WhiteFideId "4265149"]
[WhiteEloChange "-6"]
[BlackElo "1333"]
[BlackCountry "GRE"]
[BlackFideId "4248040"]
[BlackEloChange "6"]

1. d4 {[%clk 1:30:57]} d5 {[%clk 1:30:49]} 2. Nf3 {[%clk 1:31:20]} e6 {[%clk
1:31:09]} 3. Bf4 {[%clk 1:31:25]} c6 {[%clk 1:31:19]} 4. e3 {[%clk 1:31:16]} f5
{[%clk 1:31:31]} 5. Bd3 {[%clk 1:30:23]} Nf6 {[%clk 1:31:38]} 6. c3 {[%clk
1:30:07]} Be7 {[%clk 1:30:16]} 7. h3 {[%clk 1:29:04]} Nbd7 {[%clk 1:28:12]} 8.
Nbd2 {[%clk 1:28:19]} Ne4 {[%clk 1:24:08]} 9. Ne5 {[%clk 1:21:17]} O-O {[%clk
1:21:32]} 10. Qe2 {[%clk 1:16:55]} c5 {[%clk 1:18:01]} 11. O-O-O {[%clk 0:55:51]}
Nxe5 {[%clk 1:13:11]} 12. dxe5 {[%clk 0:51:37]} a6 {[%clk 1:11:04]} 13. Nxe4
{[%clk 0:51:23]} dxe4 {[%clk 1:10:23]} 14. Bxe4 {[%clk 0:50:37]} Qa5 {[%clk
1:10:30]} 15. Bb1 {[%clk 0:50:21]} b5 {[%clk 1:10:02]} 16. g4 {[%clk 0:48:06]}
Ra7 {[%clk 1:03:17]} 17. Rhg1 {[%clk 0:42:01]} Rf7 {[%clk 0:54:25]} 18. e4 {[%clk
0:22:37]} Qb6 {[%clk 0:49:44]} 19. exf5 {[%clk 0:20:32]} exf5 {[%clk 0:49:51]}
20. gxf5 {[%clk 0:18:47]} Bxf5 {[%clk 0:49:58]} 21. Bxf5 {[%clk 0:19:11]} Rxf5
{[%clk 0:50:18]} 22. Qg4 {[%clk 0:19:11]} Qg6 {[%clk 0:45:54]} 23. Qxg6 {[%clk
0:16:50]} hxg6 {[%clk 0:46:15]} 24. Bg3 {[%clk 0:14:24]} Kf7 {[%clk 0:44:20]} 25.
Rd3 {[%clk 0:12:44]} c4 {[%clk 0:38:58]} 26. Rdd1 {[%clk 0:10:34]} Ke6 {[%clk
0:34:42]} 27. Kc2 {[%clk 0:07:56]} Rd7 {[%clk 0:29:43]} 28. f4 {[%clk 0:03:17]}
Rxd1 {[%clk 0:27:15]} 29. Rxd1 {[%clk 0:03:31]} g5 {[%clk 0:27:15]} 30. fxg5
{[%clk 0:02:02]} Rxg5 {[%clk 0:27:35]} 31. Bf4 {[%clk 0:02:08]} Rh5 {[%clk
0:27:29]} 32. Rg1 {[%clk 0:02:03]} g5 {[%clk 0:24:35]} 33. Bd2 {[%clk 0:01:47]}
Kxe5 {[%clk 0:23:34]} 34. Re1+ {[%clk 0:01:50]} Kd6 {[%clk 0:23:22]} 35. Re3
{[%clk 0:01:59]} Rh7 {[%clk 0:20:46]} 36. Rg3 {[%clk 0:01:58]} Rh5 {[%clk
0:20:09]} 37. Re3 {[%clk 0:02:00]} Bf6 {[%clk 0:17:41]} 38. Kd1 {[%clk 0:01:21]}
Rh4 {[%clk 0:15:20]} 39. Rg3 {[%clk 0:01:30]} Rh5 {[%clk 0:15:06]} 40. Ke2 {[%clk
0:31:27]} Ke5 {[%clk 0:43:55]} 41. Ke3 {[%clk 0:27:32]} Rh4 {[%clk 0:43:01]} 42.
Kf3 {[%clk 0:26:23]} Kf5 {[%clk 0:42:58]} 43. Be3 {[%clk 0:24:05]} Be7 {[%clk
0:40:03]} 44. Bd2 {[%clk 0:23:09]} Bf6 {[%clk 0:34:43]} 45. Be3 {[%clk 0:23:24]}
Be7 {[%clk 0:24:22]} 46. Bd2 {[%clk 0:22:38]} Rh6 {[%clk 0:22:48]} 47. Be3 {[%clk
0:22:30]} Rd6 {[%clk 0:20:52]} 48. Bd4 {[%clk 0:19:03]} Bf6 {[%clk 0:15:52]}
1/2-1/2